Cumhuriyet Halk Partisi 36. Olağan Kurultayı (Record no. 13275)

MARC details
000 -BAŞLIK
Sabit Uzunlukta Kontrol Alanı 01562nam a22004097a 4500
999 ## - SİSTEM KONTROL NUMARALARI (KOHA)
Koha Biblionumber 13275
Koha Biblioitemnumber 13275
001 - KONTROL NUMARASI
Denetim Alanı 23966
003 - KONTROL NUMARASI IDENTIFIER
Denetim Alanı MIRAKIL
005 - SON İŞLEM TARİHİ VE ZAMANI
Denetim Alanı 20190529170024.0
008 - SABİT-BOY VERİ ELEMANLARI - GENEL BİLGİLER
Sabit Uzunlukta Kontrol Alanı 190529b tu ||||| |||| 00| 0 tur d
035 ## - SİSTEM KONTROL NUMARASI
Sistem Kontrol Numarası 17719
040 ## - KATALOGLAMA KAYNAK
Orijinal Kataloglama Ajansı Milas
Kataloglama Dili tur
Metne Dönüştürmek Ajansı TR-AnCHP
041 ## - DİL KODU
Metin / Ses Parça Veya Ayrı Başlığın Dil Kodu tur
082 ## - DEWEY ONLU SINIFLANDIRMA NUMARASI
Sınıflandırma Numarası CHP 324.2372
Ürün Numarası C36o 2018
090 ## - SINIFLAMA NUMARASI
Sınıflama Numarası Broşür 533
111 ## - ANA GİRİŞ - TOPLANTI ADI
Giriş Elemanı Olarak Toplantı Adı Veya Yargı Alanı Adı CHP Olağan Kurultay
Toplantının Yeri Ankara
Toplantı Veya Antlaşma İmzalandığı Tarihi 03-04 Şubat 2018
Bölüm / Bölüm / Toplantı Sayısı 36.
222 ## - ANAHTAR ADI
Anahtar Başlık 36. Olağan Kurultay Parti Meclisi çalışma raporu
245 ## - BAŞLIK TABLOSU
Başlık Cumhuriyet Halk Partisi 36. Olağan Kurultayı
Başlığın Kalan Parti Meclisi çalışma raporu
-- Adalet ve cesaret kurultayı
Sorumluluk Tablosu, Vb Cumhuriyet Halk Partisi
246 ## - UNVAN FORM VARYING
Başlık Doğru / Kısa Başlığı 36. Olağan Kurultay Parti Meclisi çalışma raporu
246 ## - UNVAN FORM VARYING
Başlık Doğru / Kısa Başlığı CHP 36. Olağan Kurultayı
246 ## - UNVAN FORM VARYING
Başlık Doğru / Kısa Başlığı 36. Olağan Kurultay
246 ## - UNVAN FORM VARYING
Başlık Doğru / Kısa Başlığı Adalet ve cesaret kurultayı
246 ## - UNVAN FORM VARYING
Başlık Doğru / Kısa Başlığı Parti Meclisi çalışma raporu
260 ## - YAYIN, DAĞITIM, VB
Yayın, Dağıtım, Vb Yeri Ankara
Yayıncı, Dağıtıcı, Vs Adı CHP
Yayın, Dağıtım, Vb Tarihi 2018
300 ## - FİZİKSEL TANIM
Kapsam 460 s.
Diğer Fiziksel Ayrıntıları grf. , tbl. , fotg.
Boyutlar 30 sm.
490 ## - SERİSİ TABLOSU
Seri Beyanı Cumhuriyet Halk Partisi yayınları
610 ## - KONU KATMA GİRİŞ - TOPLANTI ADI
Giriş Elemanı Olarak Kurumsal Ad Veya Yargı Alanı Adı Cumhuriyet Halk Partisi (CHP)
Genel Alt Bölüm Çalışma raporları
610 ## - KONU KATMA GİRİŞ - TOPLANTI ADI
Giriş Elemanı Olarak Kurumsal Ad Veya Yargı Alanı Adı Cumhuriyet Halk Partisi (CHP)
Genel Alt Bölüm Olağan kurultaylar, 2018
651 ## - KONU KATMA GİRİŞ - COĞRAFİ ADI
Coğrafi İsim Türkiye
Genel Alt Bölümü Siyaset ve yönetim
Kronolojik Alt Bölümü 2016-2018
740 ## - KATMA GİRİŞ - KONTROLSUZ İLGİLİ / ANALİTİK BAŞLIK
Kontrol Edilmeyen / İlgili Analitik Başlıktaki Adalet ve cesaret kurultayı
740 ## - KATMA GİRİŞ - KONTROLSUZ İLGİLİ / ANALİTİK BAŞLIK
Kontrol Edilmeyen / İlgili Analitik Başlıktaki 36. Olağan Kurultay Parti Meclisi çalışma raporu
740 ## - KATMA GİRİŞ - KONTROLSUZ İLGİLİ / ANALİTİK BAŞLIK
Kontrol Edilmeyen / İlgili Analitik Başlıktaki 36. Olağan Kurultay
740 ## - KATMA GİRİŞ - KONTROLSUZ İLGİLİ / ANALİTİK BAŞLIK
Kontrol Edilmeyen / İlgili Analitik Başlıktaki CHP 36. Olağan Kurultayı
830 ## - SERİSİ EKLENDİ GİRİŞ - ÜNİFORM ADI
Üniforma Başlık CHP yayınları
856 ## - ELEKTRONİK YER VE ERİŞİM
Kamu Notu Dijital Nüshası için Partimizin Kütüphane Sorumlusu ile iletişime geçiniz.
942 ## - EKLENDİ GİRİŞ ELEMANLARI (KOHA)
Sınıflandırma Veya Raf Düzeni Kaynak Dewey Decimal Classification
Koha Öğesi Türü Visual Material
999 ## - SİSTEM KONTROL NUMARALARI (KOHA)
Koha Biblioitemnumber 10531
Holdings
Kullanım Kısıtlamaları Kalıcı Konum Mevcut Konum Edinme Tarihi Toplam Check-Out'Lar Tam Çağrı Numarası Barkod Tarih Son Görülme İtibaren Geçerli Fiyatlar Koha Öğesi Türü
Kütüphane dışına çıkarılamaz CHP Kütüphanesi CHP Kütüphanesi 03/08/2024   CHP 324.2372 C36o 2018 21504 03/08/2024 03/08/2024 Visual Material